Colonialism/postcolonialism / (Record no. 617)
[ view plain ]
| 000 -LEADER | |
|---|---|
| fixed length control field | 00794cam a22002414a 4500 |
| 001 - CONTROL NUMBER | |
| control field | 13911372 |
| 005 - DATE AND TIME OF LATEST TRANSACTION | |
| control field | 20240327065123.0 |
| 008 - FIXED-LENGTH DATA ELEMENTS--GENERAL INFORMATION | |
| fixed length control field | 050325s2005 enk b 001 0 eng |
| 020 ## - INTERNATIONAL STANDARD BOOK NUMBER | |
| ISBN | 0415350638 (hardback : alk. paper) |
| 020 ## - INTERNATIONAL STANDARD BOOK NUMBER | |
| ISBN | 0415350646 (pbk. : alk. paper) |
| 020 ## - INTERNATIONAL STANDARD BOOK NUMBER | |
| ISBN | 0203194918 (ebook) |
| 040 ## - CATALOGING SOURCE (பட்டியலாக்க மூலம்) | |
| Original cataloging agency | DLC |
| Transcribing agency | DLC |
| Modifying agency | BAKER |
| -- | BWKUK |
| -- | UKM |
| -- | YBM |
| -- | COO |
| -- | BTCTA |
| -- | YDXCP |
| -- | LVB |
| -- | DLC |
| 082 00 - DDC Classification | |
| Class No. | 325.3 |
| DDC Edition Number | 22 |
| Item Number - Author Mark | COL. |
| 100 1# - MAIN ENTRY--PERSONAL NAME | |
| Personal name | Loomba, Ania. |
| 245 10 - TITLE STATEMENT | |
| Title | Colonialism/postcolonialism / |
| Statement of responsibility, etc. | Ania Loomba. |
| 250 ## - EDITION STATEMENT | |
| Edition statement | 2nd ed. |
| 260 ## - PUBLICATION, DISTRIBUTION, ETC. | |
| Place of publication, distribution, etc. | London ; |
| -- | New York : |
| Name of publisher, distributor, etc. | Routledge, |
| Date of publication, distribution, etc. | 2005. |
| 300 ## - PHYSICAL DESCRIPTION | |
| Extent (e.g. Volumes, Pages etc.) | 263 p. ; |
| 650 #0 - SUBJECT ADDED ENTRY--TOPICAL TERM | |
| Topical term or geographic name entry element | Postcolonialism. |
| 856 41 - ELECTRONIC LOCATION AND ACCESS | |
| Uniform Resource Identifier | <a href="http://www.loc.gov/catdir/toc/ecip0510/2005008207.html">http://www.loc.gov/catdir/toc/ecip0510/2005008207.html</a> |
| 856 42 - ELECTRONIC LOCATION AND ACCESS | |
| Uniform Resource Identifier | <a href="http://www.loc.gov/catdir/enhancements/fy0707/2005008207-d.html">http://www.loc.gov/catdir/enhancements/fy0707/2005008207-d.html</a> |
| 942 ## - Koha item type (Biblio) | |
| Koha item type | Books in Stacks (Lending) |
| Lost status | Damaged status | Collection code | Home library | Current library | Date acquired | Full call number | Accession Number | Item type |
|---|---|---|---|---|---|---|---|---|
| Lending | WERC Library | WERC Library | 03/27/2024 | 325.3 COL. | 6392 | Books in Stacks (Lending) |
